000 00620nam a22001937a 4500
005 20251108172301.0
008 250721s1999 xx 000 0 ara d
082 1 4 _a370.15/طيب
100 1 _aالطيبي، عكاشة عبد المنان
245 1 0 _aالتربية النفسية للطفل /
264 1 _aبيروت :
_bدار الجيل،
_c1999.
300 _a176ص
490 0 _aموسوعة الطفل الصحية و النفسية
650 1 7 _aسيكولوجية الأطفال
650 1 7 _aتنشئة الأطفال
650 1 7 _aرعاية الأطفال
942 _2ddc
_cBK
999 _c75139
_d75139